banner-ar

THE HOLY KORAN IN THE LIBRARY OF CONGRESS : A BIOGRAPHY / (Record no. 4742)

MARC details
000 -الفاتح
حقل البيانات ثابتة الطول 00576nam a2200193Ia 4500
008 - عناصر البيانات ثابتة الطول - معلومات عامة
حقل البيانات ثابتة الطول 140319s9999 xx 000 0 eng d
020 ## - الرقم الدولى المعيارى للكتب
الرقم الدولى المعيارى للكتاب 0844408042
040 ## - مصدر الفهرسة
وكالة الفهرسة الأصلية GCL /
وكالة النسخ GCL
082 04 - رقم تصنيف ديوى العشرى
رقم التصنيف 016.297122
رقم المادة F H
100 1# - المدخل الرئيسى - إسم شخصى
الإسم الشخصى FAWZI MIKHAIL TADROS
245 10 - بيان العنوان
العنوان THE HOLY KORAN IN THE LIBRARY OF CONGRESS : A BIOGRAPHY /
بيان المسئوليه,etc FAWZI MIKHAIL TADROS
260 ## - PUBLICATION, DISTRIBUTION, ETC. (IMPRINT)
تاريخ النشر أو التوزيع 1993
300 ## - الوصف المادى
التعداد 23 CM ؛
أبعاد الوعاء XXIX, 449 P
650 04 - المدخل الاضافى بالموضوع-مصطلح موضوعى
مصطلح موضوعي KORAN
650 04 - المدخل الاضافى بالموضوع-مصطلح موضوعى
مصطلح موضوعي LIBRARY OF CONGRESS CATALOG
650 04 - المدخل الاضافى بالموضوع-مصطلح موضوعى
مصطلح موضوعي KORAN - BIBLIOGRAPHY - CATALOGS
942 ## - عناصر المدخل الإضافي( كوها)
مصدر التصنيف او مخطط الترفيف Dewey Decimal Classification
Koha [default] item type كتاب
260 ## - PUBLICATION, DISTRIBUTION, ETC. (IMPRINT)
-- [S.N] :
-- LIBRARY OF CONGRESS ،
Holdings
حالة التراجع حالة الفقد حالة تلف ليس للاعارة المكان المؤقت الموقع الحالى تاريخ الاكتساب اجمالي اﻻعارات رقم الطلب الباركود تاريخ اخر مشاهدة تاريخ تفعيل السعر نوع وعاء كوها
        مكتبة القاهرة الكبرى مكتبة القاهرة الكبرى 03/26/2014   016.297122\F H 10669 03/26/2014 03/26/2014 كتاب

Powered By

EGPV